| 000 | 00890nam a22002057a 4500 | ||
|---|---|---|---|
| 999 |
_c58954 _d58954 |
||
| 003 | Ge_BSU | ||
| 005 | 20221024123220.0 | ||
| 008 | 221024s1991 ge ||||| |||| 00| 0 geo d | ||
| 020 | _a5701200299 | ||
| 041 | _ageo | ||
| 080 | _a32.001(075.8) რ-52 | ||
| 100 |
_aრეხვიაშვილი, ი. _915479 |
||
| 245 |
_aპოლიტოლოგია : _bდამხმარე სახელმძღვანელო. ნაწ. 1. / _cი. რეხვიაშვილი, ჯ. ჯალიაშვილი, ვ. ხოჭოლავა. |
||
| 264 |
_aთბილისი : _bივერია, _c1991. |
||
| 300 |
_a174 გვ.; _b21 სმ. |
||
| 653 | _aპოლიტოლოგია | ||
| 700 |
_aჯალიაშვილი, ჯ. _eავტორი _915480 |
||
| 700 |
_aხოჭოლავა, ვ. _eავტორი _915481 |
||
| 942 |
_2udc _cBK |
||